| 000 | 00727nam a22002411 4500 | ||
|---|---|---|---|
| 001 | 12696 | ||
| 003 | BD-RjUL | ||
| 005 | 20211208235337.0 | ||
| 008 | 140129s1957 nyu 000 0 eng d | ||
| 035 | _a(BD-RjUL)12746 | ||
| 040 |
_aDLC/ICU _cICU _dDLC _d(BD-RjUL) _beng |
||
| 041 | _aeng | ||
| 082 | 0 | 0 |
_a613.84 _bNOS 1957 |
| 100 | 1 |
_aNorthrup, Eric. _939532 |
|
| 245 | 1 | 0 |
_aScience looks at smoking : _ba new inquiry into the effects of smoking on your health / _c by Harry S.N. Greene. |
| 260 |
_aNew York : _bCoward-McCann ; _cc1957 |
||
| 300 |
_a190 p. ; _c22 cm. |
||
| 650 | 0 |
_aSmoking. _939533 |
|
| 650 | 0 |
_aTobacco _xPhysiological effect. _939534 |
|
| 942 |
_2ddc _cBK |
||
| 999 |
_c12696 _d12696 |
||